000 00760nam a2200241Ia 4500
003 OSt
005 20260128125404.0
008 220923b |||||||| |||| 00| 0 eng d
020 _a1859725511
037 _cGeneral Book
040 _aRTL
_cRTL
_beng
041 _2eng
_aeng
084 _a Y:435:67, N7
_q RTL
245 0 _aReconstruction after disaster: issues and practice
260 _aAshgate
_bAldershot
_c1997
300 _axx, 179 p. : ill.
_b Includes bibliographical references and index.
500 _aBiubliography : P 166-75
650 _aDisaster
_9235715
650 _a Sociology
_91112391
700 _a Awotona Adenrele
_e Editor
_91112392
942 _hY:435:67, N7
_cGB
_2CC
_n0
999 _c479139
_d479139